Edukace osob se zrakovým postižením v osobnostním pojetí /

Hlavní autor: Röderová, Petra, 1977-
Jazyk: Čeština
Vydáno: Brno : Masarykova univerzita, 2015
Vydání: 1. vydání
Témata:
Fyzický popis: 203 stran : ilustrace ; 21 cm
Language note: Anglické resumé
Knihy
Uloženo v:
LEADER 02832nam a2200745 i 4500
001 nkc20162798760
003 CZ PrNK
005 20200609090758.0
007 ta
008 160518s2015 xr a f 001 0 cze
015 |a cnb002798760 
020 |a 978-80-210-8091-1  |q (brožováno) 
035 |a (OCoLC)951554816 
040 |a ABA001  |b cze  |e rda 
041 0 |a cze  |b eng 
043 |a e------  |a e-xr--- 
045 |a y0y2 
072 7 |a 376  |x Výchova a vzdělávání zvláštních skupin osob  |2 Konspekt  |9 22 
080 |a 316.344.6-056.262  |2 MRF 
080 |a 376  |2 MRF 
080 |a 37.043.2  |2 MRF 
080 |a 37.03  |2 MRF 
080 |a 377  |2 MRF 
080 |a 316.628  |2 MRF 
080 |a 316.728-021.465  |2 MRF 
080 |a 37.013.42:001.891  |2 MRF 
080 |a (4)  |2 MRF 
080 |a (437.3)  |2 MRF 
080 |a (048.8)  |2 MRF 
100 1 |a Röderová, Petra,  |d 1977-  |7 xx0052641  |4 aut 
245 1 0 |a Edukace osob se zrakovým postižením v osobnostním pojetí /  |c Petra Röderová 
250 |a 1. vydání 
264 1 |a Brno :  |b Masarykova univerzita,  |c 2015 
300 |a 203 stran :  |b ilustrace ;  |c 21 cm 
336 |a text  |b txt  |2 rdacontent 
337 |a bez média  |b n  |2 rdamedia 
338 |a svazek  |b nc  |2 rdacarrier 
500 |a 200 výtisků ; dotisk v roce 2016, 200 výtisků 
504 |a Obsahuje bibliografii, bibliografické odkazy a rejstříky 
546 |a Anglické resumé 
648 7 |a 2001-2020  |7 ch460601  |2 czenas 
650 0 7 |a osoby se zrakovým postižením  |7 ph127686  |2 czenas 
650 0 7 |a speciální pedagogika  |7 ph116230  |2 czenas 
650 0 7 |a integrovaná výchova a vzdělávání  |7 ph121132  |z Evropa  |2 czenas 
650 0 7 |a klíčové kompetence  |7 ph165772  |2 czenas 
650 0 7 |a profesní příprava  |7 ph134694  |2 czenas 
650 0 7 |a seberealizace  |7 ph125451  |2 czenas 
650 0 7 |a kvalita života  |7 ph198739  |2 czenas 
650 0 7 |a sociálněpedagogický výzkum  |7 ph659002  |z Česko  |y 2001-2020  |2 czenas 
650 0 9 |a people with visual disabilities  |2 eczenas 
650 0 9 |a special education  |2 eczenas 
650 0 9 |a integrated education  |z Europe  |2 eczenas 
650 0 9 |a key competencies  |2 eczenas 
650 0 9 |a professional training  |2 eczenas 
650 0 9 |a self-realization  |2 eczenas 
650 0 9 |a quality of life  |2 eczenas 
650 0 9 |a social educational research  |z Czechia  |y 2001-2020  |2 eczenas 
655 7 |a monografie  |7 fd132842  |2 czenas 
655 9 |a monographs  |2 eczenas 
910 2 |a BOA001  |b 2-1370.670 
990 |a BK 
995 |a 01 
996 6 |b 2610675559  |c 2-1370.670  |l MZK  |r Sklad / do 1 hodiny  |n 14  |p p.v.  |w 001568132  |u 000010  |a 1  |e BOA001  |j MZK50  |s P 
996 7 |b 2610675560  |c 2-1370.670  |l Vol.výběr  |r VV 0p  |n 23  |p p.v.  |h 376 ROD  |w 001568132  |u 000020  |a 0  |e BOA001  |j MZK50  |s A 
996 7 |b 2610826650  |c 2-1370.670  |l MZK  |r Sklad / do 1 hodiny  |n 6  |p kup  |w 001568132  |u 000030  |a 1  |e BOA001  |j MZK50  |s A